Ekonomi pembangunan P. N.: kuliah kerdja K. A. Tambunan, untuk mahasiswa F. H. & I. P. K.-U. I. (Record no. 69906)

MARC details
000 -LEADER
fixed length control field 00612cam a22002171 4500
001 - CONTROL NUMBER
control field sa 66005350
003 - CONTROL NUMBER IDENTIFIER
control field DLC
005 - DATE AND TIME OF LATEST TRANSACTION
control field 20260227112248.0
008 - FIXED-LENGTH DATA ELEMENTS--GENERAL INFORMATION
fixed length control field 890517s1965 io 000 0adut
010 ## - LIBRARY OF CONGRESS CONTROL NUMBER
LC control number sa 66005350
035 ## - SYSTEM CONTROL NUMBER
System control number (OCoLC)23408142
040 ## - CATALOGING SOURCE
Original cataloging agency DLC
Transcribing agency MiU
Modifying agency DLC
042 ## - AUTHENTICATION CODE
Authentication code premarc
043 ## - GEOGRAPHIC AREA CODE
Geographic area code a-io---
050 00 - LIBRARY OF CONGRESS CALL NUMBER
Classification number HD4303
Item number .T3
100 1# - MAIN ENTRY--PERSONAL NAME
Personal name Tambunan, K. A.
245 10 - TITLE STATEMENT
Title Ekonomi pembangunan P. N.: kuliah kerdja K. A. Tambunan, untuk mahasiswa F. H. & I. P. K.-U. I.
260 ## - PUBLICATION, DISTRIBUTION, ETC.
Place of publication, distribution, etc. Djakarta
Date of publication, distribution, etc. [1965]
300 ## - PHYSICAL DESCRIPTION
Extent 44 l.
Dimensions 33 cm.
650 #0 - SUBJECT ADDED ENTRY--TOPICAL TERM
Topical term or geographic name entry element Government business enterprises
Geographic subdivision Indonesia.

No items available.

Powered by Koha